Loading...
| Science - Biology | 0 | 7 | 0 | 1 | 70 | 81 | 110.29 | 0 | 0 |
| Literature - British Literature | 0 | 4 | 0 | 0 | 40 | 52 | 103.75 | 0 | 1 |
| Literature - World Literature | 0 | 4 | 0 | 1 | 40 | 106 | 133.75 | 0 | 0 |
| Science - Other Science | 0 | 2 | 0 | 0 | 20 | 96 | 119.00 | 0 | 0 |
| Literature - American Literature | 0 | 1 | 0 | 1 | 10 | 158 | 158.00 | 0 | 0 |
| History - Other History | 0 | 1 | 0 | 0 | 10 | 135 | 135.00 | 0 | 0 |
| Literature - European Literature | 0 | 1 | 0 | 0 | 10 | 129 | 129.00 | 0 | 0 |
| History - American History | 0 | 1 | 0 | 1 | 10 | 141 | 141.00 | 0 | 0 |
| Mythology | 0 | 1 | 0 | 0 | 10 | 125 | 125.00 | 0 | 0 |
| Fine Arts - Painting & Sculpture | 0 | 1 | 0 | 0 | 10 | 120 | 120.00 | 0 | 0 |
| Fine Arts - Other Fine Arts | 0 | 1 | 0 | 0 | 10 | 94 | 94.00 | 0 | 0 |